000 00330nam a2200133Ia 4500
008 190216s9999||||xx |||||||||||||| ||und||
100 _aNorula.Jl
245 0 _aTechnique Of Organic Laboratory Processes - Organic Chemistry
250 _a1st Ed.
260 _bNull
300 _a405
650 _aChemistry-Chemistry
942 _cBK
999 _c2127
_d2127